000 00238nam a22000977a 4500
999 _c264419
_d264418
020 _a9780545509138
100 _aPaula Harrison
245 _aThe Rescue Princesses: The Secret Promise
260 _aNew York
_bScholastic
_c2012
942 _cBK